Britannica book of the year 1974
Đã lưu trong:
| 格式: | 图书 |
|---|---|
| 语言: | Undetermined |
| 出版: |
Chicago
Helen Hemingway Benton
1974
|
| 主题: | |
| 标签: |
添加标签
没有标签, 成为第一个标记此记录!
|
| Thư viện lưu trữ: | Trung tâm Học liệu Trường Đại học Cần Thơ |
|---|
| LEADER | 00499nam a2200157Ia 4500 | ||
|---|---|---|---|
| 001 | CTU_104662 | ||
| 008 | 210402s9999 xx 000 0 und d | ||
| 082 | |a 032 | ||
| 082 | |b B862/1974 | ||
| 245 | 0 | |a Britannica book of the year 1974 | |
| 260 | |a Chicago | ||
| 260 | |b Helen Hemingway Benton | ||
| 260 | |c 1974 | ||
| 650 | |a Encyclopedias,Dictionaries,Yearbooks,Bách khoa toàn thư,Từ điển,Niên giám | ||
| 910 | |a Vương | ||
| 980 | |a Trung tâm Học liệu Trường Đại học Cần Thơ | ||